000 01514nam a2200481 a 4500
001 21054
003 VRT
005 20260211121734.0
008 121031s2012 xo j 000 jdslo d
020 _a9788081030666 (viaz.)
035 _aa000466780
039 9 _a201502201413
_bpechova
_c201301151109
_dmuro
_c201301101247
_dpechova
_c201210310911
_dviera
040 _aPPPK
_bslo
_cUKB
_eAACR2
041 1 _aslo
_hger
044 _axo
_cSK
072 7 _a821.112.2-3
_xNemecká próza, nemecky písaná
_2konspekt
072 7 _a821-93
_xLiteratúra pre deti a mládež (beletria)
_2konspekt
080 _a821.112.2-32
_22001
080 _a(0:82-32)
_22001
080 _a821-93
_22001
100 1 _aGohl, Christiane,
_d1958-
240 1 0 _aLea und die Pferde.
_n1.
_pDas Glück der Erde.
_lSlovensky
245 1 0 _aLea a kone
_n[1]
_pŠťastie pre koňa
_cChristiane Gohl ; [z nemeckého originálu preložila Danka Banská]
246 3 0 _aŠťastie pre koňa
250 _a1. vyd.
260 _aSenica
_bArkus
_c2012
300 _a125 s.
504 _aBiogr. údaje
653 _a821.112.2-32
653 _a(0:82-32)
653 _a821-93
655 7 _anemecké príbehy
_2UKBPH
655 7 _apublikácie pre deti
_2UKBPH
700 1 _aBanská, Danka
_4trl
910 _apppk
910 _apokpoh
910 _attkjf
910 _avthk
910 _aukb
942 _2ddc
_cKLDE
_n0
949 _61800551934
_aSL.D.88963
_bPV.12139-2012
949 _61800551935
_aSK.D.56753
_bPV.12140-2012
_s6707:20130118
999 _c21054
_d21054